Avoiding burn-out (Record no. 74520)

MARC details
000 -LEADER
fixed length control field 01147cab a2200205 4500
001 - CONTROL NUMBER
control field ABS68133
008 - FIXED-LENGTH DATA ELEMENTS--GENERAL INFORMATION
fixed length control field 040901n2004 000 0 eng u
035 ## - SYSTEM CONTROL NUMBER
System control number (Sirsi) u127230
100 ## - MAIN ENTRY--PERSONAL NAME
Personal name Osbourne, H.
245 ## - TITLE STATEMENT
Title Avoiding burn-out
260 ## - PUBLICATION, DISTRIBUTION, ETC.
Date of publication, distribution, etc. 2004
490 ## - SERIES STATEMENT
Series statement Estates Gazette
Volume/sequential designation (0433) 14 August 2004, 60-61(2)
520 ## - SUMMARY, ETC.
Summary, etc. Comments on a survey by business information provider Croner which showed that eight in 10 employees are ignoring new government guidelines by failing to deal with employee stress. These guidelines from the Health and Safety Executive (HSE) will become compulsory by late 2004. Gives an example of the firm DTZ which has been providing additional resources to help its staff cope with the pressures of work and where there is now a confidential helpline open for employees 24 hours a day, seven days a week. Also includes various signs which may warn of stress and more details on what measures the HSE is taking to solve it.
590 ## - LOCAL NOTE (RLIN)
Local note ABS
650 ## - SUBJECT ADDED ENTRY--TOPICAL TERM
Topical term or geographic name entry element STRESS MANAGEMENT
650 ## - SUBJECT ADDED ENTRY--TOPICAL TERM
Topical term or geographic name entry element WORK-RELATED ILLNESSES
650 ## - SUBJECT ADDED ENTRY--TOPICAL TERM
Topical term or geographic name entry element FACILITIES MANAGEMENT
9 (RLIN) 6240
690 ## - LOCAL SUBJECT ADDED ENTRY--TOPICAL TERM (OCLC, RLIN)
Topical term or geographic name as entry element Health and safety
9 (RLIN) 6244
942 ## - ADDED ENTRY ELEMENTS (KOHA)
Suppress in OPAC 0
Holdings
Withdrawn status Lost status Source of classification or shelving scheme Damaged status Not for loan Home library Current library Shelving location Date acquired Total Checkouts Full call number Barcode Date last seen Copy number Price effective from Koha item type
    Dewey Decimal Classification     London London Journal article 01/09/2004   ABS68133 127230-1001 06/08/2019 1 06/08/2019 Journal article